[Event "Caxambu op"]
[Site "Caxambu"]
[Date "2023.07.21"]
[Round "3"]
[White "Oliveira, Francisco Evandro S"]
[Black "Silva, Roberto Antonio"]
[Result "0-1"]
[WhiteElo "1359"]
[BlackElo "1800"]
[PlyCount "112"]
[EventDate "2023.07.20"]
[EventType "swiss"]
[EventRounds "7"]
[EventCountry "BRA"]
[SourceTitle "CBM 215 Extra"]
[Source "ChessBase"]
[SourceDate "2023.09.30"]
[SourceVersion "1"]
[SourceVersionDate "2023.09.30"]
[SourceQuality "1"]

1. c4 Nf6 2. g3 g6 3. Bg2 Bg7 4. e3 0-0 5. Ne2 c6 6. Nbc3 d5 7. b3 Bd7 8. 0-0 Qc8 9. Qc2 Bh3 10. Re1 Bxg2 11. Kxg2 Nbd7 12. a3 e5 13. d3 e4 14. Rd1 Nc5 15. d4 Ncd7 16. Rb1 Re8 17. Qa2 Nf8 18. b4 Qg4 19. Nf4 Qf3+ 20. Kg1 Ne6 21. cxd5 Nxf4 22. exf4 Ng4 23. Rf1 Qxc3 24. Be3 Nxe3 25. fxe3 Qxe3+ 26. Rf2 Qxd4 27. Kg2 e3 28. Re2 Qxd5+ 29. Qxd5 cxd5 30. Rd1 d4 31. Rd3 Rac8 32. Kf3 Rc3 33. Rd1 Rxa3 34. Rb1 d3 35. Rxe3 Rxe3+ 36. Kxe3 Bc3 37. Kxd3 Bf6+ 38. Kc4 Rc3+ 39. Kb5 b6 40. Re1 Kg7 41. Re8 Rc2 42. h3 h5 43. g4 hxg4 44. hxg4 g5 45. f5 Rg2 46. Re4 Rd2 47. Ka6 Rd7 48. Re8 Rd8 49. Rxd8 Bxd8 50. Kxa7 Kf6 51. Kb7 Ke5 52. Kc6 Kf4 53. Kd7 Bf6 54. Kc6 Kxg4 55. Kxb6 Kxf5 56. Kc6 Bd4 0-1

[Event "Caxambu op"]
[Site "Caxambu"]
[Date "2023.07.20"]
[Round "1"]
[White "Oliveira, Francisco Evandro S"]
[Black "De Saboya E Silva, Jose Frederic"]
[Result "0-1"]
[WhiteElo "1359"]
[BlackElo "1982"]
[PlyCount "62"]
[EventDate "2023.07.20"]
[EventType "swiss"]
[EventRounds "7"]
[EventCountry "BRA"]
[SourceTitle "CBM 215 Extra"]
[Source "ChessBase"]
[SourceDate "2023.09.30"]
[SourceVersion "1"]
[SourceVersionDate "2023.09.30"]
[SourceQuality "1"]

1. c4 Nf6 2. g3 g6 3. Bg2 Bg7 4. e3 0-0 5. Ne2 d6 6. 0-0 e5 7. d3 c6 8. Nbc3 Be6 9. a3 a5 10. Rb1 Qd7 11. Re1 d5 12. b3 Na6 13. b4 dxc4 14. d4 axb4 15. axb4 Rfd8 16. b5 Nb8 17. f4 exd4 18. exd4 Nd5 19. bxc6 Nxc6 20. Ne4 b6 21. Bb2 Ne3 22. Qd2 Nxg2 23. Kxg2 Bd5 24. N2c3 f5 25. Kg1 fxe4 26. Nxe4 Re8 27. Nf2 Rxe1+ 28. Rxe1 Ra2 29. Nd1 Bxd4+ 30. Kf1 Qh3+ 31. Ke2 Qg2+ 0-1

[Event "Jundiai op"]
[Site "Jundiai"]
[Date "2023.04.15"]
[Round "3"]
[White "Rodrigues, Julliano de Araujo"]
[Black "Oliveira, Francisco Evandro S"]
[Result "1-0"]
[WhiteElo "1737"]
[BlackElo "1396"]
[PlyCount "65"]
[EventDate "2023.04.14"]
[EventType "swiss"]
[EventRounds "5"]
[EventCountry "BRA"]
[SourceTitle "CBM 213 Extra"]
[Source "ChessBase"]
[SourceDate "2023.05.31"]
[SourceVersion "1"]
[SourceVersionDate "2023.05.31"]
[SourceQuality "1"]

1. d4 Nf6 2. c4 d6 3. Nf3 g6 4. Nc3 Bg7 5. e4 0-0 6. Be2 e6 7. Bg5 Nbd7 8. e5 dxe5 9. dxe5 c6 10. exf6 Bxf6 11. Bxf6 Qxf6 12. 0-0 Rd8 13. Qc2 Qg7 14. Rfd1 f5 15. Ng5 Re8 16. f4 e5 17. fxe5 Nxe5 18. c5 Qh6 19. Nf3 Ng4 20. Bc4+ Be6 21. Bxe6+ Rxe6 22. Re1 Rae8 23. Qb3 g5 24. h3 Kh8 25. Rxe6 Rxe6 26. hxg4 fxg4 27. Nxg5 Rf6 28. Nf7+ Rxf7 29. Qxf7 Qe3+ 30. Qf2 Qh6 31. Rd1 Qg5 32. Qf8+ Qg8 33. Qf6+ 1-0

[Event "Jundiai op"]
[Site "Jundiai"]
[Date "2023.04.14"]
[Round "1"]
[White "Pironti, Francisco Ferrari"]
[Black "Oliveira, Francisco Evandro S"]
[Result "1-0"]
[WhiteElo "1944"]
[BlackElo "1396"]
[PlyCount "29"]
[EventDate "2023.04.14"]
[EventType "swiss"]
[EventRounds "5"]
[EventCountry "BRA"]
[SourceTitle "CBM 213 Extra"]
[Source "ChessBase"]
[SourceDate "2023.05.31"]
[SourceVersion "1"]
[SourceVersionDate "2023.05.31"]
[SourceQuality "1"]

1. c4 e5 2. g3 c5 3. Bg2 Nc6 4. Nc3 b6 5. e3 Bb7 6. Nge2 Nf6 7. 0-0 Rb8 8. d4 exd4 9. exd4 Be7 10. d5 Ne5 11. d6 Bf8 12. Re1 Nxc4 13. Nf4+ Ne4 14. Nxe4 Bxd6 15. Nxd6+ 1-0

[Event "Hebraica op 30th"]
[Site "Hebraica"]
[Date "2023.02.12"]
[Round "6"]
[White "Oliveira, Francisco Evandro S"]
[Black "Kuribara, Victor Kenzo"]
[Result "0-1"]
[WhiteElo "1473"]
[BlackElo "1748"]
[PlyCount "78"]
[EventDate "2023.02.10"]
[EventType "swiss"]
[EventRounds "7"]
[EventCountry "BRA"]
[SourceTitle "CBM 212 Extra"]
[Source "ChessBase"]
[SourceDate "2023.03.31"]
[SourceVersion "1"]
[SourceVersionDate "2023.03.31"]
[SourceQuality "1"]

1. c4 c5 2. g3 d6 3. Bg2 Be6 4. d3 Nd7 5. e3 Rb8 6. Nc3 Ngf6 7. Nge2 g6 8. 0-0 Bg7 9. a3 b6 10. Rb1 0-0 11. b4 Qc7 12. Nb5 Qd8 13. Nxa7 Ne5 14. f4 Ned7 15. Nc6 Qc7 16. Nxb8 Qxb8 17. a4 Qc7 18. b5 d5 19. Qc2 Rd8 20. Bd2 Nf8 21. Rfd1 d4 22. e4 Ng4 23. h3 Ne3 24. Bxe3 dxe3 25. e5 f6 26. Nc3 fxe5 27. Nd5 Bxd5 28. cxd5 exf4 29. Qe2 Bd4 30. gxf4 Qxf4 31. Rf1 Qg3 32. Rf3 Qg5 33. Rxe3 Bxe3+ 34. Kf1 Nd7 35. Re1 Rf8+ 36. Qf3 Rxf3+ 37. Bxf3 Qg1+ 38. Ke2 Qf2+ 39. Kd1 Qd2# 0-1

[Event "Pocos de Caldas op"]
[Site "Pocos de Caldas"]
[Date "2022.03.11"]
[Round "1"]
[White "Oliveira, Francisco Evandro S"]
[Black "Cardoso, Marcio de Lucca"]
[Result "0-1"]
[WhiteElo "1523"]
[BlackElo "1828"]
[PlyCount "82"]
[EventDate "2022.03.11"]
[EventType "swiss"]
[EventRounds "6"]
[EventCountry "BRA"]
[SourceTitle "CBM 207 Extra"]
[Source "ChessBase"]
[SourceDate "2022.05.31"]
[SourceVersion "1"]
[SourceVersionDate "2022.05.31"]
[SourceQuality "1"]

1. c4 e5 2. g3 Nc6 3. Bg2 Nf6 4. Nc3 g6 5. d3 Bg7 6. e3 0-0 7. Nge2 d6 8. 0-0 Rb8 9. a3 a5 10. Rb1 Be6 11. b4 axb4 12. axb4 Qd7 13. b5 Ne7 14. f4 Bh3 15. b6 Bxg2 16. Kxg2 Qc6+ 17. Kg1 cxb6 18. Qb3 Nd7 19. Nd5 Nxd5 20. cxd5 Qc8 21. Ba3 Nc5 22. Qxb6 Qg4 23. Bxc5 dxc5 24. Nc3 exf4 25. Rxf4 Qd7 26. Qxc5 Rfc8 27. Qb5 Qe7 28. Qb4 Qxe3+ 29. Kg2 Bxc3 30. Qe4 Qxe4+ 31. dxe4 b5 32. Rbf1 Rc7 33. d6 Rd7 34. R4f3 Be5 35. Rd1 Rxd6 36. Rd5 Rxd5 37. exd5 b4 38. Rd3 Rb6 39. g4 b3 40. Rd1 b2 41. Rb1 Ra6 0-1

[Event "Florianopolis op 8th"]
[Site "Florianopolis"]
[Date "2022.01.25"]
[Round "2"]
[White "Oliveira, Francisco Evandro S"]
[Black "Felix, Joao Eduardo Orland"]
[Result "0-1"]
[WhiteElo "1017"]
[BlackElo "1546"]
[PlyCount "82"]
[EventDate "2022.01.24"]
[EventType "swiss"]
[EventRounds "10"]
[EventCountry "BRA"]
[SourceTitle "CBM 206 Extra"]
[Source "ChessBase"]
[SourceDate "2022.03.31"]
[SourceVersion "1"]
[SourceVersionDate "2022.03.31"]
[SourceQuality "1"]

1. c4 e5 2. g3 f5 3. Bg2 Nc6 4. Nc3 Nf6 5. e3 d6 6. Nge2 g6 7. 0-0 Bg7 8. Nd5 0-0 9. Nxf6+ Qxf6 10. Nc3 Ne7 11. a3 c6 12. b4 f4 13. Bb2 Qe6 14. d3 Bh6 15. b5 fxe3 16. fxe3 Bxe3+ 17. Kh1 Rxf1+ 18. Qxf1 Bd7 19. Qe2 Bh6 20. bxc6 Bxc6 21. Nd5 Nxd5 22. cxd5 Bxd5 23. Re1 Bg7 24. Bxd5 Qxd5+ 25. Kg1 Rf8 26. Rf1 Qc5+ 27. Kh1 Rxf1+ 28. Qxf1 Qc2 29. Bc1 e4 30. dxe4 Qxe4+ 31. Qg2 d5 32. Qxe4 dxe4 33. Be3 a6 34. Kg2 Kf7 35. g4 Ke6 36. Kg3 Kd5 37. h4 Be5+ 38. Kf2 b5 39. Bd2 Kd4 40. Be3+ Kd3 41. Bc5 Bd4+ 0-1

[Event "Florianopolis op 09"]
[Site "Florianopolis"]
[Date "2021.09.25"]
[Round "3"]
[White "Da Cunha, Gastao"]
[Black "Oliveira, Francisco Evandro S"]
[Result "1-0"]
[WhiteElo "1576"]
[BlackElo "1455"]
[PlyCount "51"]
[EventDate "2021.09.24"]
[EventType "swiss"]
[EventRounds "6"]
[EventCountry "BRA"]
[SourceTitle "EXT 2024"]
[Source "ChessBase"]
[SourceDate "2023.10.10"]
[SourceVersion "1"]
[SourceVersionDate "2023.10.10"]
[SourceQuality "1"]

1. e4 c6 2. d4 d5 3. Bd3 e6 4. Ne2 c5 5. exd5 exd5 6. dxc5 Bxc5 7. 0-0 Nf6 8. Ng3 0-0 9. Nc3 d4 10. Nce4 Be7 11. b3 Nc6 12. Bb2 Bg4 13. Nxf6+ Bxf6 14. Qxg4 g6 15. Rfe1 Bg7 16. f4 h5 17. Nxh5 gxh5 18. Qxh5 f5 19. Bc4+ Rf7 20. Bxf7+ Kf8 21. Ba3+ Ne7 22. Rxe7 Qxe7 23. Bxe7+ Kxe7 24. Re1+ Kd7 25. Qxf5+ Kc7 26. Qc5+ 1-0

[Event "Sao Jose dos Campos op 3rd"]
[Site "Sao Jose dos Campos"]
[Date "2021.08.22"]
[Round "5"]
[White "De Martino, Murilo Rocha Laragn"]
[Black "Oliveira, Francisco Evandro S"]
[Result "1-0"]
[WhiteElo "1402"]
[BlackElo "1473"]
[PlyCount "25"]
[EventDate "2021.08.21"]
[EventType "swiss"]
[EventRounds "5"]
[EventCountry "BRA"]
[SourceTitle "CBM 204 Extra"]
[Source "ChessBase"]
[SourceDate "2021.11.30"]
[SourceVersion "1"]
[SourceVersionDate "2021.11.30"]
[SourceQuality "1"]

1. e4 e6 2. d4 d5 3. Nd2 dxe4 4. Nxe4 Nd7 5. Nf3 Ngf6 6. Bg5 Be7 7. Nxf6+ Nxf6 8. Bd3 g6 9. Bh6 c5 10. 0-0 cxd4 11. Nxd4 Qxd4 12. Bb5+ Bd7 13. Qxd4 1-0

[Event "Araruama op 1st"]
[Site "Araruama"]
[Date "2021.06.06"]
[Round "6"]
[White "Jesus Filho, Jose Carlos"]
[Black "Oliveira, Francisco Evandro S"]
[Result "1-0"]
[WhiteElo "1767"]
[BlackElo "1523"]
[PlyCount "67"]
[EventDate "2021.06.02"]
[EventType "tourn"]
[EventRounds "6"]
[EventCountry "BRA"]
[SourceTitle "CBM 203 Extra"]
[Source "ChessBase"]
[SourceDate "2021.09.30"]
[SourceVersion "1"]
[SourceVersionDate "2021.09.30"]
[SourceQuality "1"]

1. e4 e6 2. d4 d5 3. exd5 exd5 4. Nf3 Bd6 5. Bd3 Nf6 6. Bg5 Nbd7 7. 0-0 0-0 8. Nc3 c6 9. Qd2 g6 10. Rfe1 Re8 11. Rxe8+ Qxe8 12. Re1 Be7 13. Qe3 Ne4 14. Nxe4 dxe4 15. Qxe4 f6 16. Qe6+ Qf7 17. Qe2 b5 18. Qxe7 Qxe7 19. Rxe7 fxg5 20. Nxg5 Nf6 21. f3 Bf5 22. Bxf5 gxf5 23. Kf2 Rd8 24. c3 c5 25. dxc5 Rd2+ 26. Re2 Rd5 27. Ne6 Nd7 28. c6 Nb6 29. Nd4 Rd8 30. Nxb5 a6 31. Nd4 Nc4 32. Nxf5 Nb6 33. c4 Rc8 34. Ne7+ 1-0

[Event "Sao Bento do Sul op 05"]
[Site "Sao Bento do Sul"]
[Date "2021.05.08"]
[Round "4"]
[White "Oliveira, Francisco Evandro S"]
[Black "Das Chagas, David Ferreira"]
[Result "0-1"]
[WhiteElo "1017"]
[BlackElo "1986"]
[PlyCount "48"]
[EventDate "2021.05.07"]
[EventType "swiss"]
[EventRounds "6"]
[EventCountry "BRA"]
[SourceTitle "EXT 2022"]
[Source "ChessBase"]
[SourceDate "2021.10.06"]
[SourceVersion "1"]
[SourceVersionDate "2021.10.06"]
[SourceQuality "1"]

1. c4 e5 2. g3 f5 3. e3 Nf6 4. Bg2 Nc6 5. Ne2 Be7 6. Nbc3 d6 7. 0-0 h5 8. f3 h4 9. Qe1 Be6 10. d3 hxg3 11. Qxg3 Qd7 12. f4 0-0-0 13. h4 Ng4 14. Bf3 Bxh4 15. Qg2 g5 16. Bxg4 fxg4 17. Ng3 gxf4 18. exf4 Nd4 19. fxe5 Nf3+ 20. Kf2 dxe5 21. Ke2 Qxd3+ 22. Kf2 Bxc4 23. Be3 Qc2+ 24. Nce2 Qxe2# 0-1

[Event "Campos do Jordao op"]
[Site "Campos do Jordao"]
[Date "2020.11.07"]
[Round "2"]
[White "Oliveira, Francisco Evandro S"]
[Black "Carneiro, Claudionor Chaves"]
[Result "0-1"]
[WhiteElo "1017"]
[BlackElo "1578"]
[PlyCount "92"]
[EventDate "2020.11.06"]
[EventType "swiss"]
[EventRounds "5"]
[EventCountry "BRA"]
[SourceTitle "CBM 199 Extra"]
[Source "ChessBase"]
[SourceDate "2021.01.31"]
[SourceVersion "1"]
[SourceVersionDate "2021.01.31"]
[SourceQuality "1"]

1. c4 c5 2. g3 Nc6 3. Bg2 Nf6 4. e3 e6 5. Ne2 Be7 6. Nbc3 d5 7. cxd5 Nxd5 8. a3 0-0 9. e4 Nxc3 10. Nxc3 Qd3 11. Bf1 Qd4 12. d3 b6 13. Nb5 Qd7 14. Rb1 Ba6 15. Nc3 Rad8 16. Be3 Bxd3 17. Bxd3 Qxd3 18. Qxd3 Rxd3 19. 0-0 a6 20. Na4 Rb8 21. Bf4 e5 22. Be3 Nd4 23. Rfd1 Rxd1+ 24. Rxd1 b5 25. Nc3 c4 26. Nd5 Bc5 27. Kg2 Rd8 28. g4 f6 29. Rg1 Nb3 30. Re1 Bd4 31. Bxd4 exd4 32. e5 Rxd5 33. e6 Kf8 34. e7+ Ke8 35. Re6 a5 36. h3 d3 37. Re1 d2 38. Rd1 Kxe7 39. h4 b4 40. axb4 axb4 41. g5 f5 42. h5 c3 43. bxc3 bxc3 44. Rb1 Rb5 45. g6 h6 46. Rf1 c2 0-1

[Event "Varginha Mineiro-ch"]
[Site "Varginha"]
[Date "2020.09.04"]
[Round "1"]
[White "Zambotti, Eduardo Lopes"]
[Black "Oliveira, Francisco Evandro S"]
[Result "1-0"]
[WhiteElo "1879"]
[BlackElo "1027"]
[PlyCount "71"]
[EventDate "2020.09.04"]
[EventType "swiss"]
[EventRounds "7"]
[EventCountry "BRA"]
[SourceTitle "EXT 2021"]
[Source "ChessBase"]
[SourceDate "2020.10.23"]
[SourceVersion "1"]
[SourceVersionDate "2020.10.23"]
[SourceQuality "1"]

1. c4 c5 2. Nc3 Nc6 3. g3 g6 4. Bg2 Bg7 5. e3 e6 6. Nge2 Nge7 7. 0-0 0-0 8. d4 cxd4 9. exd4 e5 10. d5 Nb4 11. a3 Na6 12. d6 Nc6 13. b4 Nd4 14. Nxd4 exd4 15. Nb5 Re8 16. Bb2 Be5 17. c5 Rb8 18. Bxd4 Bxd4 19. Qxd4 b6 20. Nc3 Bb7 21. Bxb7 Rxb7 22. Nd5 Re6 23. Ne7+ Rxe7 24. dxe7 Qxe7 25. Rfe1 Qf8 26. cxb6 Rxb6 27. Qxd7 Rb8 28. Qxa7 Ra8 29. Qb7 Nxb4 30. Qxb4 Qg7 31. Rad1 h5 32. Rd7 g5 33. h4 Qf6 34. Rd6 Qg7 35. Qe4 Rf8 36. hxg5 1-0

[Event "Brasilia Terraviva op"]
[Site "Brasilia"]
[Date "2019.01.10"]
[Round "1"]
[White "Oliveira, Francisco Evandro S"]
[Black "Rocha, Arthur Ferreira"]
[Result "0-1"]
[WhiteElo "1083"]
[BlackElo "1920"]
[PlyCount "58"]
[EventDate "2019.01.10"]
[EventType "swiss"]
[EventRounds "7"]
[EventCountry "BRA"]
[SourceTitle "CBM 188 Extra"]
[Source "ChessBase"]
[SourceDate "2019.02.26"]
[SourceVersion "1"]
[SourceVersionDate "2019.02.26"]
[SourceQuality "1"]

1. c4 e5 2. Nc3 Nf6 3. g3 Nc6 4. Bg2 Bc5 5. e3 0-0 6. a3 a5 7. d3 d6 8. Nf3 Bg4 9. 0-0 Qd7 10. Rb1 Qf5 11. Re1 Qh5 12. h4 e4 13. dxe4 Ne5 14. Kh2 Nxf3+ 15. Bxf3 Bxf3 16. Qc2 Ng4+ 17. Kg1 Ne5 18. b4 Qg4 19. Kh2 axb4 20. axb4 Bb6 21. b5 Ba5 22. Bd2 Bxc3 23. Bxc3 Bxe4 24. Rf1 Nf3+ 25. Kg2 Nxh4+ 26. Kh2 Nf3+ 27. Kg2 Ng5+ 28. f3 Qh3+ 29. Kf2 Qh2+ 0-1

[Event "Sao Paulo Carnaval op"]
[Site "Sao Paulo"]
[Date "2018.02.12"]
[Round "5"]
[White "Oliveira, Francisco Evandro S"]
[Black "Zmetek, Marcos Simao"]
[Result "0-1"]
[WhiteElo "1163"]
[BlackElo "1376"]
[PlyCount "82"]
[EventDate "2018.02.10"]
[EventType "swiss"]
[EventRounds "7"]
[EventCountry "BRA"]
[SourceTitle "CBM 183 Extra"]
[Source "ChessBase"]
[SourceDate "2018.04.19"]
[SourceVersion "1"]
[SourceVersionDate "2018.04.19"]
[SourceQuality "1"]

1. c4 e5 2. Nc3 Nf6 3. g3 d5 4. cxd5 Nxd5 5. Bg2 Be6 6. e4 Nf6 7. d3 h6 8. Nf3 Nc6 9. a3 Bd6 10. Rb1 a6 11. b4 b5 12. Be3 0-0 13. d4 exd4 14. Nxd4 Ne5 15. f4 Nc4 16. Bc1 Ng4 17. Nxe6 fxe6 18. e5 Nge3 19. Bxe3 Nxe3 20. Qe2 Nxg2+ 21. Qxg2 Be7 22. 0-0 Qd4+ 23. Kh1 Qxc3 24. Rbc1 Qxa3 25. Rxc7 Bxb4 26. Qc6 Qb3 27. Qd7 Qd5+ 28. Qxd5 exd5 29. Rd7 Rfd8 30. e6 Rxd7 31. exd7 Rd8 32. f5 Rxd7 33. f6 Kf7 34. fxg7+ Kxg7 35. Rc1 d4 36. Rc6 a5 37. Rb6 d3 38. Rxb5 d2 39. Rf5 d1Q+ 40. Kg2 Rd2+ 41. Kh3 Re2 0-1

[Event "Santa Ines Maranhese op 22nd"]
[Site "Santa Ines"]
[Date "2017.10.22"]
[Round "4"]
[White "Melo, Wladmir Ferreira"]
[Black "Oliveira, Francisco Evandro S"]
[Result "1-0"]
[WhiteElo "1833"]
[BlackElo "2027"]
[PlyCount "95"]
[EventDate "2017.10.20"]
[EventType "swiss"]
[EventRounds "5"]
[EventCountry "BRA"]
[SourceTitle "CBM 181 Extra"]
[Source "ChessBase"]
[SourceDate "2017.12.12"]
[SourceVersion "1"]
[SourceVersionDate "2017.12.12"]
[SourceQuality "1"]

1. e4 Nf6 2. Nc3 e5 3. Bc4 Nc6 4. a4 Bb4 5. d3 d5 6. exd5 Nxd5 7. Nge2 Bg4 8. f3 Be6 9. 0-0 0-0 10. Ne4 h6 11. Bd2 Be7 12. N2g3 Qd7 13. Qe2 Nd4 14. Qd1 f5 15. Nc3 Nxc3 16. Bxe6+ Qxe6 17. Bxc3 Bc5 18. Kh1 a6 19. Qd2 Rf6 20. Rae1 Qd6 21. f4 exf4 22. Nh5 Rg6 23. Nxf4 Rg4 24. h3 Rg5 25. Bxd4 Bxd4 26. Re6 Qc5 27. Rfe1 Bxb2 28. Qe2 Bc3 29. Re8+ Rxe8 30. Qxe8+ Qf8 31. Qe6+ Qf7 32. Qc8+ Kh7 33. Re8 g6 34. Ne6 Bf6 35. Nxg5+ hxg5 36. Kg1 Bd4+ 37. Kf1 g4 38. Qd8 Bf6 39. Rf8 Qa2 40. Rxf6 Qb1+ 41. Kf2 g3+ 42. Kxg3 Qe1+ 43. Kf4 Qd2+ 44. Ke5 Qe2+ 45. Kd5 Qxg2+ 46. Ke6 f4 47. Rf7+ Kh6 48. Qh4# 1-0